00957nam a2200217 a 450000100100000000500170001000800410002702000150006804000250008310000360010824501220014426000870026630000460035349000460039950000210044550400730046670000420053971000660058171000530064783000390070000004178020201002035742.0131015s2004 sp 000 0 spa d a8400082621 aDO-SdBNPbspacBNPHU1 aLemos Montanet, José Leonardo10a"Obra viva" de Ángel Amor Ruibal /cJosé Leonardo Lemos Montanet ; prólogo Eduardo Pardo de Guevara y Valdés. aSantiago de Compostela :bInstituto de Estudios Gallegos "Padre Sarmiento",c2004. a455 p., [1] h. de lám. :bil. ;c24 cm.1 aCuadernos de estudios gallegos. Anexov32 aIncluye índice aIncluye referencias bibliográficas y notas al pie de las páginas1 aGuevara y Valdés, Eduardo Pardo de,2 aConsejo Superior de Investigaciones Científicas (España).2 aInstituto de Estudios Gallegos "Padre Sarmiento" 0aCuadernos de estudios gallegosv32